| 000 | 00495nam a2200169Ia 4500 | ||
|---|---|---|---|
| 999 |
_c26245 _d26245 |
||
| 003 | OSt | ||
| 005 | 20210112134113.0 | ||
| 008 | 190216s9999||||xx |||||||||||||| ||und|| | ||
| 040 | _coclc | ||
| 082 |
_a894.81 _bSKUR/S |
||
| 100 |
_aKurup, Narayana _98285 |
||
| 245 | 0 |
_aSree Adyathmaramayanam Moolam / _cNarayana Kurup |
|
| 260 |
_bRps Pusthaka Shala, _aErnakulam: _c1954. |
||
| 300 | _a830p | ||
| 650 | _aMalayalam | ||
| 942 |
_cBK _2ddc _h894.81 _iSKUR/S _k894.81 _mSKUR/S |
||